00549 2200193 4500001002100000005001500021008004100036020001800077035002000095082001000115084001600125100003300141245007200174250001000246260005600256300002300312990001000335990001000345INLIS00000000001246820180830101408070228s2006 yoi g b 000 0 d a979-3589-67-1 a0010-08180002120 a297.6 a297.6 LUT i0 aLutfi Mustofa DkkePengarang10aIntelektualisme Islam :bMelacak Akar-Akar Integrasi Ilmu dan Agama aCet 2 aMalang :bLembaga Kajian Al-Qur'an dan Sains,c2007 a380 hlm ;c22,5 cm a11754 a12540